000 00635nam a22002057a 4500
999 _c7543
_d7543
003 AR-CdUCM
008 190320b ||||| |||| 00| 0 spa d
040 _aMUNICIPALIDAD PROVINCIAL DEL CUSCO
_cBIBLIOTECA MUNICIPAL DEL CUSCO
082 _a120 /
_bC26
100 _aCadona, Carlos
_921287
245 _aLa metafica del bien comun /
260 _aMadrid :
_bRialp,
_c1966.
300 _a160 paginas ;
_c19 cm.
505 _aContenido : El bien comun -- La dinamica del bien comun -- De bono communi ...
650 _aMetafisica
_92817
650 _aPensamiento
_9461
650 _aHumano
_9596
942 _2ddc
_cLIBROS
945 _arah